000 00286nam a22001337a 4500
008 181008b xxu||||| |||| 00| 0 eng d
020 _a9781560531708
041 _aeng
080 _a617
100 _a5
101 _aKIR
245 _aSurgical Secrets
_cHarken,A.H
942 _2udc
_cBK
999 _c49017
_d49017